000 00366nam a2200133Ia 4500
005 20251222141829.0
008 251222s9999||||xx |||||||||||||| ||spa||
020 _a84-9700-254-7
082 _a371.914/G15
100 _aGallego Ortega, José Luis
245 0 _aAtención Logopédica al Alumnado con Dificultades en el Lenguaje Oral
264 _bAljibe
942 _cLIB
999 _c7056
_d7056